[Event "Montevideo Prix Cerrense"]
[Site "Montevideo"]
[Date "2002.04.02"]
[Round "4"]
[White "Brois, Jonathan"]
[Black "Muniz, Matias"]
[Result "0-1"]
[WhiteElo "1532"]
[BlackElo "1590"]
[PlyCount "58"]
[EventDate "2002.03.26"]
[EventType "swiss"]
[EventRounds "5"]
[EventCountry "URU"]
[SourceTitle "EXT 2003"]
[Source "ChessBase"]
[SourceDate "2002.11.25"]
[SourceVersion "1"]
[SourceVersionDate "2002.11.25"]
[SourceQuality "1"]

1. g3 g6 2. Bg2 e5 3. d3 Bg7 4. Nd2 Nf6 5. e4 d6 6. Ne2 Nbd7 7. 0-0 0-0 8. h3 Re8 9. f4 b6 10. Nf3 Re6 11. g4 h6 12. f5 Re7 13. Be3 Nc5 14. b3 Re8 15. Qd2 Kh8 16. Bxh6 Ng8 17. Bxg7+ Kxg7 18. g5 gxf5 19. exf5 Bxf5 20. Nh4 Bh7 21. Bxa8 Qxa8 22. Qe1 Qc8 23. Kh2 Rf8 24. Qf2 Qd7 25. Ng3 Ne6 26. Nh5+ Kh8 27. Qf6+ Nxf6 28. Nxf6 Qc6 29. c4 Bxd3 0-1

[Event "Montevideo Prix Cerrense"]
[Site "Montevideo"]
[Date "2002.03.26"]
[Round "1"]
[White "Billar, Juan Francisco"]
[Black "Muniz, Matias"]
[Result "1-0"]
[WhiteElo "2011"]
[BlackElo "1590"]
[PlyCount "69"]
[EventDate "2002.03.26"]
[EventType "swiss"]
[EventRounds "5"]
[EventCountry "URU"]
[SourceTitle "EXT 2003"]
[Source "ChessBase"]
[SourceDate "2002.11.25"]
[SourceVersion "1"]
[SourceVersionDate "2002.11.25"]
[SourceQuality "1"]

1. d4 d5 2. c4 e6 3. Nc3 Bb4 4. Nf3 Ne7 5. g3 0-0 6. Bg2 dxc4 7. 0-0 Bd7 8. Ne5 Bc8 9. Nxc4 c6 10. Bg5 b5 11. Na3 Bb7 12. Nc2 Bd6 13. e4 Qc8 14. e5 b4 15. Na4 a5 16. exd6 Nf5 17. Nb6 Qd8 18. Bxd8 Rxd8 19. Nxa8 Bxa8 20. Rc1 Rxd6 21. Qg4 a4 22. Qf4 Nd7 23. Nxb4 Rxd4 24. Qc7 c5 25. Qc8+ Nf8 26. Qxa8 Rxb4 27. Rxc5 Nd6 28. Rc6 Ne8 29. Qxe8 g5 30. Rc8 Kg7 31. Qxf8+ Kf6 32. Rc7 Rxb2 33. Qh8+ Kg6 34. Qxb2 f6 35. h3 1-0

[Event "Montevideo Club Atletico"]
[Site "Montevideo"]
[Date "2002.02.13"]
[Round "5"]
[White "Villaverde, Jorge"]
[Black "Muniz, Matias"]
[Result "1-0"]
[WhiteElo "1934"]
[BlackElo "1590"]
[PlyCount "51"]
[EventDate "2002.02.05"]
[EventType "swiss"]
[EventRounds "5"]
[EventCountry "URU"]
[SourceTitle "CBM 086 Extra"]
[Source "ChessBase"]
[SourceDate "2002.03.14"]
[SourceVersion "1"]
[SourceVersionDate "2002.03.14"]
[SourceQuality "1"]

1. e4 e5 2. Nf3 Nc6 3. Bb5 a6 4. Ba4 Nf6 5. 0-0 Nxe4 6. Re1 Nc5 7. Bxc6 bxc6 8. Nxe5 Ne6 9. Qf3 f6 10. Qh5+ Ke7 11. Qf7+ Kd6 12. Nc4+ Kc5 13. d3 Nd4 14. Be3 d5 15. b4+ Kb5 16. a4+ Kxb4 17. c3+ Kb3 18. Ra3+ Kc2 19. cxd4 Bxa3 20. Nbxa3+ Kxd3 21. Nb2+ Kc3 22. Qh5 Kxb2 23. Bc1+ Kb3 24. Qd1+ Ka2 25. Qc2+ Ka1 26. Qb2# 1-0

[Event "Montevideo Club Atletico"]
[Site "Montevideo"]
[Date "2002.02.12"]
[Round "4"]
[White "Muniz, Matias"]
[Black "Fischer, Monica"]
[Result "0-1"]
[WhiteElo "1590"]
[BlackElo "1618"]
[PlyCount "64"]
[EventDate "2002.02.05"]
[EventType "swiss"]
[EventRounds "5"]
[EventCountry "URU"]
[SourceTitle "CBM 086 Extra"]
[Source "ChessBase"]
[SourceDate "2002.03.14"]
[SourceVersion "1"]
[SourceVersionDate "2002.03.14"]
[SourceQuality "1"]

1. d4 d5 2. Nc3 e6 3. e4 Nf6 4. Bg5 Be7 5. Bf4 0-0 6. Nb5 Bb4+ 7. c3 Ba5 8. Nxc7 Bxc7 9. e5 Nfd7 10. Qg4 Kh8 11. Nf3 Nc6 12. Qh3 Ndxe5 13. Bd3 Nxd3+ 14. Ke2 Nxf4+ 15. Ke3 Nxh3 16. gxh3 Qf6 17. h4 b6 18. Rag1 Bf4+ 19. Ke2 Ba6+ 20. Kd1 h6 21. Rg2 e5 22. Rhg1 Rg8 23. b4 e4 24. Ne1 Rac8 25. Kc2 Ne5 26. dxe5 Bxe5 27. a4 Rxc3+ 28. Kd1 b5 29. Rg3 bxa4 30. Rxc3 Bxc3 31. Nc2 Qxf2 32. Rh1 Qd2# 0-1

[Event "Montevideo Club Atletico"]
[Site "Montevideo"]
[Date "2002.02.11"]
[Round "3"]
[White "Cabrera, Aldo"]
[Black "Muniz, Matias"]
[Result "1-0"]
[WhiteElo "1783"]
[BlackElo "1590"]
[PlyCount "81"]
[EventDate "2002.02.05"]
[EventType "swiss"]
[EventRounds "5"]
[EventCountry "URU"]
[SourceTitle "CBM 086 Extra"]
[Source "ChessBase"]
[SourceDate "2002.03.14"]
[SourceVersion "1"]
[SourceVersionDate "2002.03.14"]
[SourceQuality "1"]

1. e4 e5 2. Nf3 d6 3. d4 Bg4 4. Be2 Nd7 5. 0-0 Ndf6 6. Nc3 Nh5 7. dxe5 dxe5 8. Nxe5 Bd6 9. Bxg4 Qh4 10. Bxh5 Bxe5 11. h3 Rd8 12. Qg4 Qe7 13. Bg5 Qd6 14. Bxd8 g6 15. Rad1 Bh2+ 16. Kh1 Qe5 17. Qd7+ Kf8 18. Be2 b6 19. g3 Nf6 20. Bxf6 Qxf6 21. Qd8+ Kg7 22. Qxf6+ Kxf6 23. Kxh2 h5 24. Nd5+ Ke5 25. Bd3 c6 26. f4+ Ke6 27. Nc7+ Kd7 28. Na6 h4 29. Bc4+ Ke7 30. e5 b5 31. Bb3 Re8 32. Rd6 Rd8 33. Rxd8 Kxd8 34. Rd1+ Kc8 35. Rd6 Kb7 36. Nc5+ Kb6 37. Ne4 Ka5 38. Rxc6 Kb4 39. Bxf7 a5 40. a3+ Ka4 41. Nc5# 1-0